000 00542nam a22001937a 4500
003 KOHA_MİRAKIL
005 20251127100001.0
008 251127b tu ||||| |||| 00| 0 tur d
020 _a9786052900031
040 _aTR-AnABB
_btur
_cTR-AnABB
041 _atur
082 _a813.42
_bSAZ 2017
100 1 _aSazkaya, Dursun Ali,
245 1 0 _aGeceleyin bir yolcu /
_cDursun Ali Sazkaya
260 _aİstanbul :
_bOkur Kitaplığı,
_c2017
300 _a198 sayfa ;
_c19 cm
650 0 4 _aTürk edebiyatı, roman
942 _2ddc
_cBK
999 _c9662
_d9662
900 _bGizem YORULMAZ